000 00858nam a22002537a 4500
999 _c167959
_d167959
005 20190924124130.0
010 _aENG-126525
020 _c925.00
_a9789353166625
035 _aEN-110057
037 _bDBAD/PUB
082 _a531.102462
_212th
100 _aBeer ,Ferdinand P.
245 _aVector mechanics for Engineers :
_cBy Ferdinand P. Beer...[et.,all]
_bStatics and Dynamics /
260 _aChennai
_bMcGraw Hill Education
_c2016
270 _bChennai
_a444/1, Sri Ekambara Naicker Industrial Estate, Alapakkam Porur
_e600116
_minfo.india@mheducation.com
300 _a1432p.
_c24cm,(pbk)
500 _aIncludes index
700 _aJohnston , E.Russell
700 _aMazurek , David F.
700 _aCornwell , Phillip J.
700 _aSelf , Brian P.
700 _aSanghi , Sanjeev
942 _2ddc
_cEN
_h531.102462
_mBEE